Najgorsze trzęsienia ziemi - Statystyki

Ogólne statystyki
  • Ten quiz został rozwiązany 39 razy
  • Średni wynik to 8 z 12
Statystyki odpowiedzi
Śmierci Najgorszy rok Państwo % Poprawnych
18,000 2011 Japonia
94%
70,000 2008 Chiny
88%
180,000 2004 Indonezja
88%
36,000 2001 Indie
79%
51,000 2023 Turcja
73%
28,000 2003 Iran
67%
8,200 2004 Tajlandia
67%
130,000 2010 Haiti
61%
88,000 2005 Pakistan
61%
7,300 2023 Syria
55%
9,200 2015 Nepal
42%
35,000 2004 Sri Lanka
42%
Nie znaleziono quizów pasujących do podanych kryteriów
Rozkład punktacji
Procent ludzi z każdym wynikiem
Percentyl według liczby udzielonych odpowiedzi
Twoja historia wyników
Nie rozwiązałeś tego quizu